Statistics for Name the members of NCT 127 in age order

Click here to take the quiz!

General Stats

  • This quiz has been taken 36 times
  • The average score is 13 of 18

Answer Stats

Answer% Correct
Johnny
100%
Taeil
100%
Yuta
89%
Haechan
85%
Jaehyun
85%
Mark
85%
Taeyong
85%
Doyoung
81%
Jungwoo
78%
Lee Tae Yong
70%
Moon Tae il
70%
Nakamoto Yuta
63%
Kim Jung Woo
56%
Mark Lee
56%
Jeong Jae Hyun
52%
Lee Dong Hyuck
52%
Seo Young Ho/ Johnny Suh
48%
Kim Dong Young
37%

Score Distribution

Percentile by Number Answered

Percent of People with Each Score

Your Score History

You have not taken this quiz